| 000 | 01344nam a2200229 4500 | ||
|---|---|---|---|
| 005 | 20250502115346.0 | ||
| 008 | 250502b |||||||| |||| 00| 0 eng d | ||
| 020 | _a9788122431322 | ||
| 037 | _cTexual | ||
| 040 |
_aRTL _cRTL |
||
| 084 |
_aB7:3 Q0 _qRTL |
||
| 100 |
_aBrinkhuis, Jan _9478072 |
||
| 245 | _aOptimization: Insights and applications | ||
| 260 |
_aNew Delhi, India _bNew age international (P) limited _c2010 |
||
| 300 |
_axix, 658 p. : ill. _bIncludes bibliographical reference and index |
||
| 520 | _aThis self-contained textbook is an informal introduction to optimization through the use of numerous illustrations and applications. The focus is on analytically solving optimization problems with a finite number of continuous variables. In addition, the authors provide introductions to classical and modern numerical methods of optimization and to dynamic optimization. The book's overarching point is that most problems may be solved by the direct application of the theorems of Fermat, Lagrange, and Weierstrass. The authors show how the intuition for each of the theoretical results can be supported by simple geometric figures. | ||
| 650 | _2 Econometrics Mathematical models | ||
| 650 | _2Optimization | ||
| 650 | _2Econometrics | ||
| 700 |
_aTikhomirow, Vladimir _9753734 |
||
| 942 |
_2CC _n0 _cTB _hB7:3 Q0 |
||
| 999 |
_c1309923 _d1309923 |
||